00645nam a2200169 i 450000100060000000300090000600500170001500700030003200800410003511100700007624500810014626000400022730000330026785200320030099900170033295201260034946745ES-MaACL20230906161436.0t|030331s1960 sp ||||1| spa d2 aCongreso Diocesano de Apostolado Seglar (d1959. cZaragoza)934610aMemoria b: 8-15 noviembre 1959 / cCongreso Diocesano de Apostolado Seglar. aZaragoza : bEl Noticiero, c[1960] a335 p., 20 lám. ; c25 cm. aES-MaACLjC-19897 bR.47802 c46745d46745 00104070aATENEOMbATENEOMcGaleríad2008-01-17eSCl0oC-19897p1049166r2023-02-23 00:00:00w2023-02-23yMONOGRAFIA